Click to Translate - Vietnamese (Animals) - Statistics

General Stats
  • This quiz has been taken 342 times
  • The average score is 18 of 25
Answer Stats
Hint Answer % Correct
dog chó
93%
cow
90%
cat mèo
90%
fish
87%
bird chim
86%
chicken
85%
pig heo
85%
duck vịt
82%
horse ngựa
80%
monkey khỉ
79%
mouse chuột
78%
snake rắn
75%
rabbit thỏ
72%
crab cua
71%
turtle rùa
71%
frog ếch
70%
elephant voi
67%
bear gấu
65%
lion sư tử
62%
deer nai
56%
sheep cừu
52%
fox cáo
48%
bat dơi
47%
wolf sói
46%
tiger hổ
44%
No matching quizzes found
Score Distribution
Percent of People with Each Score
Percentile by Number Answered
Your Score History
You have not taken this quiz